| 000 | 00985cam a2200277 a 4500 | ||
|---|---|---|---|
| 001 | 000015761 | ||
| 005 | 20200929164138.0 | ||
| 008 | 811116s1982 nyua b 001 0ceng d | ||
| 020 | _a0671421050 | ||
| 040 |
_aDO-SdBNP _csps _dBNPHU |
||
| 050 | 0 | 0 |
_aPN4874.A56 _bC66 1982 |
| 082 | 0 | 0 |
_a070.5/092/2 _bC775a |
| 100 | 1 |
_aCooney, John. _935460 |
|
| 245 | 1 | 4 |
_aThe Annenbergs / _cJohn Cooney. |
| 260 |
_aNew York : _bSimon and Schuster, _c1982. |
||
| 300 |
_a428 p. : _bil. ; _c24 cm. |
||
| 500 | _aIncluye referencias bibliográficas e índice. | ||
| 600 | 1 | 0 |
_aAnnenberg, Walter H., _d1908-2002. _935461 |
| 600 | 1 | 0 |
_aAnnenberg, Moses Louis, _d1878-1942. _935462 |
| 650 | 0 |
_aJournalists _zUnited States _vBiography. _935463 |
|
| 650 | 0 |
_aPublishers and publishing _zUnited States _vBiography. _935464 |
|
| 650 | 0 |
_aAmbassadors _zUnited States _vBiography. _935465 |
|
| 650 | 0 |
_aPhilanthropists _zUnited States _vBiography. _935466 |
|
| 910 | _aCatalogación por copia / LC | ||
| 049 | _aBNGR | ||
| 999 |
_c15309 _d15309 |
||